|
|
|
|
| LEADER |
00000nab a2200000 ar4500 |
| 001 |
vtls011568756 |
| 003 |
SK-MaSNL |
| 005 |
20260305000046.0 |
| 008 |
160721c2016 xo wr|p|||||||000 b|slo |
| 038 |
|
|
|a PPPK
|
| 040 |
|
|
|a PPPKCL
|b slo
|c PPPKCL
|e AACR2
|
| 041 |
0 |
|
|a slo
|
| 044 |
|
|
|a xo
|c SK
|
| 080 |
|
|
|a 338.45
|x (437.6)
|2 2011
|
| 100 |
1 |
|
|a Tomalová, Jana
|4 aut
|9 1086271
|
| 245 |
1 |
0 |
|a V Kežmarku pribudne práca
|c Jana Tomalová ; [Snímka] archív Hengstleru
|
| 300 |
|
|
|b Fotogr.
|
| 610 |
2 |
7 |
|a Hengstler (Kežmarok, Slovensko)
|2 pppkcl
|9 1088000
|
| 650 |
0 |
7 |
|a tlačiarne
|2 pppkcl
|9 26683
|
| 650 |
0 |
7 |
|a priemyselná výroba
|2 pppkcl
|9 72943
|
| 650 |
0 |
7 |
|a vytváranie pracovných miest
|2 pppkcl
|9 1057656
|
| 651 |
|
7 |
|a Kežmarok (Slovensko)
|2 pppkcl
|9 26808
|
| 773 |
0 |
|
|t Podtatranské noviny
|g Roč. LVI, č. 27 (2016), s. 1-2
|x 1210-2423
|
| 852 |
|
|
|a PPPK
|b KIS3GCP
|
| 999 |
|
|
|c 3211979
|d 3213909
|